|
|
|
|
| LEADER |
00794nam a2200265 a 4500 |
| 001 |
adlib96000001 |
| 003 |
ViArRB |
| 005 |
20151026132909.0 |
| 008 |
960221s1955 dcuabcdjdbkoqu001 0deng d |
| 020 |
|
|
|
| 022 |
|
|
|
| 040 |
|
|
|a Adlib
|
| 082 |
|
|
|a 678
|
| 245 |
|
|
|a Introduction to Macromolecular Chemistry
|
| 250 |
|
|
|a 2nd Ed
|
| 260 |
|
|
|a Chichester
|b Wiley Eastern
|c 1979
|
| 300 |
|
|
|a xiv, 297 p.
|
| 500 |
|
|
|a
|
| 100 |
|
|
|a Batzer, Hans
|
| 700 |
|
|
|a Lohse, Friedrich
|a Good, William
|
| 942 |
|
|
|c BK
|6 _
|
| 653 |
|
|
|a Macro molecular chemistry
|
| 999 |
|
|
|c 58745
|d 58745
|
| 952 |
|
|
|0 0
|1 0
|4 0
|6 678_BAT
|7 0
|9 71425
|a UL
|b UL
|d 2010-11-24
|o 678 BAT
|p 00018283
|r 2010-11-24
|w 2010-11-24
|y BK
|
| 952 |
|
|
|0 0
|1 0
|4 0
|6 678_BAT1
|7 0
|9 71426
|a UL
|b UL
|d 2010-11-24
|o 678 BAT; 1
|p 00019100
|r 2010-11-24
|w 2010-11-24
|y BK
|